Responses for show #7127 - Tuesday, September 15, 2015

WE ASKED: Mark Kelly.

Contestants

[<< previous game]

Audrey Watkins-Fox, a mortgage coordinator originally from Lockport, New York

Andy Anderson, a high school math teacher originally from Batavia, Illinois

Ed Kim, a small business owner from Whittier, California (whose 1-day cash winnings total $17,200)

[next game >>]

Jeopardy! Round responses

PUT SOME FIBER IN YOUR DIET
THE 1990s
AKC-DEFINED BREEDS
(Alex: That's the American Kennel Club, of course.)
AUTO RACING
GIVE
"TAKE"
    $200 7
an apple

Audrey
    $200 1
Desert Storm

Ed
    $200 4
Dalmatian

Audrey
    $200 21
the Indianapolis 500

Andy
    $200 13
undertaker

Audrey
    $400 8
oatmeal

Audrey
    $400 2
eBay

Andy
    $400 5
greyhound

Audrey
    $400 22
pole position

Ed
    $400 14
takeout

Ed
    $600 18
artichoke

Ed
    $600 3
the World Trade Organization

Audrey
    $600 6
a chihuahua

Ed
    $600 23
(Alex: With less than a minute to go now, you're right.)

the Salvation Army

Andy
    $600 15
outtake

Audrey
    $800 19
chia

Andy
    $800 11
a sheep

Andy
    $1,800 9
a German shepherd

Audrey
    $800 27
(Ed: What is Ohio?)
[The end-of-round signal sounds.]

Michigan

EdAudrey
    $800 25
the Jewish National Fund

Triple Stumper
    $800 16
take-home pay

Ed
    $1000 20
lentils

Audrey
    $1000 12
(Ed: What is Hugo?)

Andrew

EdAudrey
    $1000 10
a papillon

Ed
    $1000 24
Talladega

Ed
    $1000 26
Good Samaritan

Audrey
    $1000 17
(Andy: What is winner-take-all?)

a sweepstake

Andy
Triple Stumper

Scores at the first commercial break (after clue 15):

Ed Andy Audrey
$1,200 $1,200 $5,400

Scores at the end of the Jeopardy! Round:

Ed Andy Audrey
$3,200 $1,800 $8,200

Double Jeopardy! Round responses

CITY BY THE BAY
THE NATURALIZATION OATH
RECORD OF THE YEAR GRAMMYS
GETTING OFF THE GROUND
CROSSWORD CLUES "K"
SHAKESPEAREAN DEATHMATCH
    $400 16
(Andy: What is Baltimore?)
(Audrey: What is Massachusetts Bay?)

Chesapeake

EdAndyAudrey
    $400 26
allegiance

Andy
    $400 11
Ipanema

Ed
    $400 21
Amelia Earhart

Audrey
    $400 5
kelp

Audrey
    $400 1
Romeo

Andy
    $800 17
Bay of Fundy

Audrey
    $800 12
"Wind Beneath My Wings"

Audrey
    $800 22
the International Space Station

Ed
    $800 6
KahlĂșa

Andy
    $800 2
Richard III

Audrey
    $1200 18
Biscayne Bay

Triple Stumper
    $1200 13
(Andy: What is Earth, Wind & Fire?)

The Doobie Brothers

Andy
Triple Stumper
    $4,000 23
the Spruce Goose

Ed
    $1200 8
kachina

Audrey
    $3,500 3
(Audrey: Who is Othello?)

Iago

Audrey
    $1600 19
Galveston Bay

Andy
    $1600 28
(Andy: What is duress?)
[The end-of-round signal sounds.]

reservation

Andy
Triple Stumper
    $1600 14
Lady Antebellum

Ed
    $1600 24
(Alex: [*] is right, with less than a minute now.)

the Endeavour

Andy
    $1600 9
katydid

Triple Stumper
    $1600 4
Laertes

Ed
    $2000 20
the Bay of Biscay

Audrey
    $2000 27
potentates

Triple Stumper
    $2000 15
Bobby Darin

Ed
    $2000 25
Sikorsky

Ed
    $2000 10
Khufu

Ed
    $2000 7
Regan

Audrey

Scores at the end of the Double Jeopardy! Round:

Ed Andy Audrey
$18,000 $3,400 $12,700

[wagering suggestions for these scores]

Final Jeopardy! Round responses

GREAT THINKERS
(Alex: [*], who authored The Wealth of Nations.)
AndyWho is A. Hamilton
$3,400
AudreyWho is Adam Smith
$12,700
EdWho is Alexander Hamilton?
$7,401
Adam Smith

Final scores:

Ed Andy Audrey
$10,599 $0 $25,400
2nd place: $2,000 3rd place: $1,000 New champion: $25,400

Game dynamics:

Coryat scores:

Ed Andy Audrey
$15,200 $3,400 $15,200
17 R
(including 1 DD),
2 W
10 R,
4 W
20 R
(including 1 DD),
2 W
(including 1 DD)

Combined Coryat: $33,800

The J! Archive is created by fans, for fans. The Jeopardy! game show and all elements thereof, including but not limited to copyright and trademark thereto, are the property of Jeopardy Productions, Inc. and are protected under law. This website is not affiliated with, sponsored by, or operated by Jeopardy Productions, Inc. Join the discussion at JBoard.tv.